000
00313nam a22001337a 4500
008
171020b xxu||||| |||| 00| 0 eng d
020
_a
9780073405001
041
_a
eng
080
_2
6 ED
_a
338
100
_a
54
101
_a
MEN
245
_a
SUPERVISION CONCEPTS SKILL BUILDING
_c
CERTO.S.C
942
_2
udc
_c
BK
999
_c
35065
_d
35065